[Event "74th RUS-ch Superfinal 2021"]
[Site "Ufa"]
[Date "2021.10.17"]
[Round "8.2"]
[White "Goryachkina, Aleksandra"]
[Black "Predke, Alexandr"]
[Result "0-1"]
[WhiteElo "2602"]
[BlackElo "2666"]
[Annotator "TA"]
[PlyCount "106"]
[EventDate "2021.10.09"]
[EventType "tourn"]
[EventCountry "RUS"]
[SourceTitle "playchess.com"]
[Source "ChessBase"]
[SourceQuality "1"]

{[%evp 10,106,39,22,16,0,0,0,0,0,7,14,5,12,16,11,25,30,46,28,33,39,37,34,33,33,63,48,50,36,52,48,48,52,53,20,44,33,39,34,54,52,54,53,54,11,13,0,17,0,0,0,0,0,0,-43,-43,-43,-38,-40,-36,-33,-32,-265,-99,-139,-140,-359,-384,-343,-215,-200,-192,-238,-241,-401,-406,-522,-386,-1122,-1148,-1122,-1126,-1077,-1053,-974,-947,-872,-830,-1626,-1487,-1403,-1271,-5210,-5181,-3133,-974,-1019,-984]} 1. c4 e6 2. Nc3 Nf6 3. e4 d5 4. cxd5 exd5 5. e5 Ne4 6. Nf3 (6. d4 {with more complications.} Bb4 7. Qa4+ Nc6 8. Bb5 Bd7 9. Nge2) 6... Bf5 {A18: English Opening: Flohr-Mikenas System (1 c4 Nf6 2 Nc3 e6 3 e4).} 7. d3 (7. Be2 {keeps more tension.} Nc6 8. O-O d4 9. Nxe4 Bxe4 10. Bc4) 7... Nxc3 8. bxc3 {[%cal Bb2c3,Bc3c4][%mdl 32]} c5 {The position is equal.} 9. d4 Qa5 10. Bd2 Nc6 11. c4 {[%mdl 64] Discovered Attack} Qd8 12. Qb3 Be4 13. Qxb7 Rc8 14. Ng5 {[%csl Gg5][%cal Rb7f7]} Be7 {Strongly threatening ...Rc7.} 15. Nxe4 dxe4 16. d5 Nxe5 17. Qb5+ {[#]} Kf8 $5 $146 {[%mdl 8] An interesting novelty.} ({Predecessor:} 17... Qd7 18. Rb1 Qxb5 19. Rxb5 Kd7 20. Bc3 Kd6 21. Ra5 Rb8 22. Kd2 Bf6 23. Be2 Nd7 24. Bxf6 Nxf6 {1-0 (39) Le,Q (2709)-Pichot,A (2630) Chess.com INT 2020}) 18. Rb1 Bd6 19. Qa6 Rb8 20. Rb3 h5 21. Be2 (21. Qxa7 Ra8 $15) 21... Kg8 22. h3 Kh7 23. Rxb8 ({Stronger than} 23. Bxh5 Nd3+ 24. Ke2 Qh4 $1 $17) (23. Qxa7 $2 Ra8 $19) 23... Bxb8 24. Qa3 ({But not} 24. Bxh5 $2 Nd3+ 25. Kf1 Qh4 $19) 24... Qe7 25. O-O h4 26. f4 exf3 27. Bxf3 Re8 28. Bf4 Bd6 29. Kh1 Kg8 30. Qc3 Nd7 31. Bxd6 Qxd6 32. Bd1 Re4 33. Bc2 Rd4 34. Qa5 {And now Qd8+ would win.} Nf6 35. Qxa7 g6 36. Ba4 $2 (36. Qb7 $15) 36... Re4 $2 (36... Rf4 $1 $19 {[%cal Rf4f1] is more deadly.} 37. Rb1 Rxc4) 37. Qa8+ Kg7 38. Qc6 $2 (38. Bd1 $17 {might work better.}) 38... Qe5 $1 $19 {...Nh5 is the strong threat.} 39. Bd1 Rxc4 $40 {[%mdl 128] White must now prevent ...Ne4. White is in trouble.} 40. Bf3 {[#]} Rf4 $1 41. Qb5 c4 ({Worse is} 41... Nxd5 42. Qxc5 Qe6 43. Kg1 $15) 42. Qb1 $2 {[#]} (42. Rc1 {was the only chance.}) 42... c3 $1 43. Rc1 Qe3 44. Qc2 $2 (44. Re1 c2 45. Qa1) 44... Rxf3 {Black is clearly winning.} 45. gxf3 Qxf3+ {[%mdl 4096] Endgame KQR-KQN} 46. Qg2 Qe3 47. Rc2 Ne4 48. d6 Nxd6 49. Re2 Qd3 50. Kh2 Nf5 51. Qf2 Qd6+ 52. Kg1 Qd1+ 53. Kg2 c2 {Weighted Error Value: White=0.54/Black=0.11} 0-1

[Event "74th RUS-ch Superfinal 2021"]
[Site "Ufa"]
[Date "2021.10.17"]
[Round "8.3"]
[White "Andreikin, Dmitry"]
[Black "Chigaev, Maksim"]
[Result "1/2-1/2"]
[WhiteElo "2728"]
[BlackElo "2639"]
[Annotator "TA"]
[PlyCount "80"]
[EventDate "2021.10.09"]
[EventType "tourn"]
[EventCountry "RUS"]
[SourceTitle "playchess.com"]
[Source "ChessBase"]
[SourceQuality "1"]

{[%evp 20,80,23,8,0,0,0,0,17,14,15,20,22,14,33,20,11,0,10,10,10,10,12,19,18,22,7,6,40,0,0,0,0,0,19,-6,0,0,0,0,0,0,0,0,0,0,0,0,0,-5,-5,-22,-22,-22,-22,-22,-6,-6,0,0,0,0,0]} 1. d4 Nf6 2. c4 g6 3. Nc3 d5 4. cxd5 Nxd5 5. e4 Nxc3 6. bxc3 Bg7 7. Be3 c5 8. Qd2 O-O 9. Nf3 Bg4 10. Ng5 Qa5 11. Rc1 cxd4 {D85: Exchange Grünfeld: Unusual White 7th moves and lines with 7 Nf3.} 12. cxd4 Qxd2+ 13. Kxd2 h6 {[#]} 14. h3 $1 {Strongly threatening Nxf7.} Bd7 15. Nf3 Rd8 16. Rc7 Bc6 17. Bd3 {Threatening d5.} ({Reject} 17. Rxe7 Bf8 $15) 17... e6 $1 {[#]} 18. Bf4 $146 ({Predecessor:} 18. Rc1 Nd7 19. Ke2 g5 20. h4 g4 21. Nh2 Nf6 22. e5 Nd5 23. R7xc6 bxc6 24. Nxg4 {0-1 (46) Neverov,V (2484)-Bernadskiy,V (2570) Omelnyk 2017}) 18... Nd7 19. Ke3 Nf6 20. Ne5 g5 21. Bg3 Ne8 22. Nxc6 bxc6 23. Rxc6 {aiming for e5.} Rxd4 (23... Bxd4+ {feels hotter.} 24. Ke2 Nf6 25. Rd1 Rdc8 26. Rxc8+ Rxc8 27. Bd6 Kg7) 24. Rc4 (24. f3 {with more complications.} Rad8 25. Rd1 Nd6 26. Ke2 Nb5 27. a4) 24... Rad8 {The position is equal.} 25. Rxd4 Bxd4+ 26. Ke2 Nf6 27. Rd1 Nh5 28. Bh2 Nf4+ 29. Bxf4 gxf4 $11 {[%mdl 4096] Endgame KRB-KRB} 30. Bc4 Bb6 31. Rxd8+ Bxd8 {KB-KB} 32. a4 Kg7 33. Bb5 Bc7 34. f3 Kf6 35. Be8 Ke7 36. Bc6 Kd6 37. Bb5 Bb6 38. Kd3 a5 39. Be8 Ke7 40. Bb5 Kd6 {An uneventful encounter.  Weighted Error Value: White=0.04/Black=0.05} 1/2-1/2

[Event "74th RUS-ch Superfinal 2021"]
[Site "Ufa"]
[Date "2021.10.17"]
[Round "8.4"]
[White "Ponkratov, Pavel"]
[Black "Rakhmanov, Aleksandr"]
[Result "1/2-1/2"]
[WhiteElo "2659"]
[BlackElo "2657"]
[Annotator "TA"]
[PlyCount "68"]
[EventDate "2021.10.09"]
[EventType "tourn"]
[EventCountry "RUS"]
[SourceTitle "playchess.com"]
[Source "ChessBase"]
[SourceQuality "1"]

{[%evp 9,68,0,-2,-6,3,-12,-6,-13,0,0,0,0,0,0,0,0,0,-6,16,-8,28,21,16,20,38,20,30,-59,-38,-45,-48,-49,-45,-35,-48,-62,-62,-68,-62,-56,-54,-66,-10,-10,-10,-7,0,-4,0,0,-4,-8,0,-8,0,-10,0,-8,0,-5,0]} 1. d4 Nf6 2. c4 e6 3. Nf3 a6 4. g3 b5 5. b3 Bb7 6. Bg2 {E10: Blumenfeld Gambit.} c5 7. d5 exd5 8. Nh4 g6 9. cxd5 Bg7 10. Bb2 d6 11. O-O O-O 12. e4 Re8 13. Qc2 Nbd7 14. Nd2 Rc8 {[#]} 15. Rac1 $146 ({Predecessor:} 15. Rfe1 Nb6 16. Bf1 Rc7 17. Ng2 Bc8 18. f3 Bh3 19. Ne3 Bxf1 20. Ndxf1 c4 21. Rad1 {0-1 (38) Erdos,V (2503)-Caposciutti,M (2336) France 2006}) 15... a5 16. Rfe1 c4 17. bxc4 bxc4 18. Nxc4 (18. Bc3 $11) 18... Nb6 {[#] And now ...Ba6 would win.} 19. Bf1 Ba6 {...Nxc4 is the strong threat.} 20. Qb3 Bxc4 21. Bxc4 Rxe4 22. Bxf6 Rxe1+ 23. Rxe1 Bxf6 24. Bb5 {[#] Black must now prevent Re8+.} Kg7 {Threatens to win with ...Rc3.} 25. Bc6 Nd7 (25... Bxh4 $15 26. Re8 (26. gxh4 Nd7 $15) 26... Qc7 27. Rxc8 Nxc8 28. gxh4 h5) 26. Nf3 $1 $11 {The position is equal.} Rb8 27. Bb5 Ne5 (27... h5 {seems wilder.} 28. a4 Rc8 29. Bc6 h4 30. Qe3 Rb8) 28. Nxe5 Bxe5 29. a4 Rc8 30. Bc6 Rb8 31. Bb5 Rc8 32. Bc6 Rb8 33. Bb5 Rc8 34. Bc6 Rb8 {Weighted Error Value: White=0.09/Black=0.09} 1/2-1/2

[Event "74th RUS-ch Superfinal 2021"]
[Site "Ufa"]
[Date "2021.10.17"]
[Round "8.5"]
[White "Motylev, Alexander"]
[Black "Esipenko, Andrey"]
[Result "1/2-1/2"]
[WhiteElo "2624"]
[BlackElo "2720"]
[Annotator "TA"]
[PlyCount "45"]
[EventDate "2021.10.09"]
[EventType "tourn"]
[EventCountry "RUS"]
[SourceTitle "playchess.com"]
[Source "ChessBase"]
[SourceQuality "1"]

{[%evp 9,45,0,0,0,0,0,0,0,0,0,0,0,0,0,0,-48,0,0,0,0,0,0,4,0,0,0,0,0,0,0,0,0,0,0,0,0,0,0]} 1. e4 e5 2. Nf3 Nf6 3. d4 Nxe4 4. dxe5 Bc5 5. Bc4 Nxf2 (5... Bxf2+ $6 6. Kf1 $16) 6. Bxf7+ {[%mdl 64] [#] Decoy. C43: Petroff Defence: 3 d4.} Kxf7 7. Qd5+ Kg6 8. Qxc5 Nxh1 9. Nc3 {aiming for Qc4.} h6 {Hoping for ...d6.} 10. Qc4 {Black must now prevent Nd5.} Kh7 11. Nd5 Re8 $1 {Threatens to win with ...c6.} 12. Bxh6 {12.Qe4+ is setting a new trend.} gxh6 (12... Kxh6 $15 13. Nxc7 {[#]} d5 $1 {[%mdl 512]}) 13. O-O-O $11 {The position is equal.} Re6 14. Nxc7 {[#]} d5 $146 {[%cal Rd5c4]} ({Predecessor:} 14... Qg8 15. Rxh1 Rc6 16. Qxg8+ Kxg8 17. Nxa8 b6 18. e6 Rxe6 19. Nc7 Re2 20. Re1 Rxe1+ 21. Nxe1 {½-½ (58) Motylev,A (2640)-Fridman,D (2616) Moscow 2019}) 15. exd6 Nf2 $1 {And now ...Qg8 would win.} 16. Nxe6 Bxe6 17. Qxe6 Nxd1 18. Qf7+ ({Don't go for} 18. Kxd1 $2 Nc6 $19) 18... Kh8 {Strongly threatening ...Nc6.} 19. Nh4 Qxh4 20. Qf8+ Kh7 21. Qf7+ {[%mdl 64] Double Attack} Kh8 22. Qf8+ Kh7 23. Qf7+ {[%mdl 64] Double Attack. Not much happened in this game.  Weighted Error Value: White=0.03/Black=0.04} 1/2-1/2

[Event "74th RUS-ch Superfinal 2021"]
[Site "Ufa"]
[Date "2021.10.17"]
[Round "8.6"]
[White "Alekseenko, Kirill"]
[Black "Vitiugov, Nikita"]
[Result "0-1"]
[WhiteElo "2710"]
[BlackElo "2727"]
[Annotator "TA"]
[PlyCount "120"]
[EventDate "2021.10.09"]
[EventType "tourn"]
[EventCountry "RUS"]
[SourceTitle "playchess.com"]
[Source "ChessBase"]
[SourceQuality "1"]

{[%evp 10,120,10,9,6,0,0,0,5,0,17,0,6,3,15,0,10,0,-3,0,14,4,0,-16,4,3,0,-10,-8,-20,-6,-18,0,-27,-6,-23,0,-4,0,0,8,-11,0,5,0,0,0,0,0,0,0,0,0,-7,-8,-37,-37,-33,-32,-38,-32,-38,-20,-33,-28,-25,0,0,0,0,0,0,0,0,51,54,85,0,0,0,25,0,56,0,30,0,21,17,72,29,99,51,102,60,48,50,201,0,0,0,139,0,0,-56,91,104,67,0,424,423,1114,-1079,-1061]} 1. e4 e5 2. Nf3 Nc6 3. Bb5 a6 4. Ba4 Nf6 5. Nc3 Bc5 6. O-O O-O {C77: Ruy Lopez: 3...a6 4 Ba4 Nf6, unusual lines.} 7. Bxc6 dxc6 8. d3 Nd7 $1 {[%mdl 4] The position is equal. 8...Nd7 is setting a new trend.} 9. Be3 Bd6 10. Ne2 Re8 11. Nd2 {[#]} Nf8 $146 ({Predecessor:} 11... c5 12. Kh1 Nb8 13. f4 Nc6 14. f5 Be7 15. Nf3 b6 16. c3 a5 17. Qc2 a4 {1-0 (40) Motylev,A (2808)-Vestby Ellingsen,M (2549) Chess.com INT 2020}) 12. f3 Ne6 13. Qe1 c5 14. Qf2 Rf8 15. Kh1 b6 16. a4 Bb7 17. Nc4 f6 18. Qg3 Qd7 19. Bd2 Rae8 20. b3 Kh8 21. Qe1 Bc6 22. Ne3 Qf7 23. Nf5 Bd7 24. c4 a5 25. Qg3 Nd8 26. Nxd6 cxd6 27. f4 Nc6 28. Rf2 Qg6 29. Qe3 f5 30. Raf1 Kg8 31. Ng3 Nd4 32. Bc3 fxe4 ({Much worse is} 32... Nxb3 $6 33. exf5 Bxf5 34. fxe5 $16) 33. dxe4 Qh6 34. Bxd4 exd4 35. Qd3 Bc6 36. f5 Rf7 37. Rf4 Qf6 38. Rg4 Qe5 39. Rff4 Kh8 40. Qd2 Ref8 41. h3 Bd7 (41... Qf6 $11) 42. Nh5 $1 $14 Be8 43. Rf3 (43. Rg5 $1 $16) 43... Bc6 $11 44. Rff4 Rg8 45. Rh4 Qe7 (45... Be8 $11) 46. Qf2 (46. Kg1 $1 $14) 46... Qg5 47. Ng3 Re8 48. Qf3 Kg8 (48... Ref8 $11 {remains equal.}) 49. Kh2 Bb7 (49... Kh8 $11) 50. Nh5 Kh8 (50... Kf8 $14) 51. Qd1 Bc6 52. Rfg4 Qe3 (52... Qd8 $14) 53. Rg3 Qh6 54. Rgg4 {Black must now prevent Nxg7.} Qe3 {[%cal Re8e4] [#]} 55. Rg3 (55. Nxg7 $1 $16 {[%mdl 512]} Rxe4 56. Rg3 $1 Qxg3+ 57. Kxg3 Rxg7+ 58. Rg4) 55... Qh6 $1 56. Qd3 (56. Rgg4 $11 Qe3) 56... Re5 {[#]} (56... Rfe7 $1 $15 {stays ahead.}) 57. Rgg4 $1 $16 Qc1 58. Nf4 ({White should play} 58. Qg3 $14 Qe3 59. Rxg7 Qxg3+ 60. Rxg3) 58... Kg8 $2 {[%mdl 8192] [#]} (58... Bxe4 $11 59. Ng6+ Kg8 60. Rxe4 hxg6) 59. Rxh7 $3 $18 {[%mdl 512] aiming for Rh5.} Bxe4 ({And not} 59... Kxh7 60. Rh4+ Kg8 61. Ng6 $18) (59... Rxe4 $142 60. Qg3 Kxh7 61. Qh4+ Kg8) (59... Rxe4 60. Qg3) 60. Rgh4 $4 {[%mdl 8192] [#]} Qxf4+ $1 {[%mdl 512] Weighted Error Value: White=0.25/Black=0.34} 0-1

[Event "74th RUS-ch Superfinal 2021"]
[Site "Ufa"]
[Date "2021.10.18"]
[Round "9.1"]
[White "Vitiugov, Nikita"]
[Black "Matlakov, Maxim"]
[Result "1/2-1/2"]
[WhiteElo "2727"]
[BlackElo "2682"]
[Annotator "TA"]
[PlyCount "70"]
[EventDate "2021.10.09"]
[EventType "tourn"]
[EventCountry "RUS"]
[SourceTitle "playchess.com"]
[Source "ChessBase"]
[SourceQuality "1"]

{[%evp 16,70,0,0,0,-34,-23,-33,-16,-25,-35,-39,-27,-41,-35,-45,-2,-4,-2,-5,-4,-29,-7,-6,-4,0,0,0,0,0,0,0,0,0,4,4,4,0,0,0,0,0,4,4,4,0,0,0,0,0,0,0,0,0,0,0,0]} 1. d4 Nf6 2. c4 g6 3. Nc3 d5 4. Nf3 Bg7 5. cxd5 Nxd5 6. e4 Nxc3 7. bxc3 c5 8. Bb5+ Nc6 9. O-O {And now d5 would win.} O-O {[%cal Rc5d4] D85: Exchange Grünfeld: Unusual White 7th moves and lines with 7 Nf3.} 10. d5 Bxc3 11. Be3 Nd4 {Black is slightly better.} 12. Nxd4 cxd4 13. Bxd4 Bxa1 14. Bxa1 Bd7 15. Bc4 Rc8 16. Bb3 Bb5 17. Qd4 $1 {[%csl Ga1][%cal Rd4h8] [#]} f6 18. Rb1 {aiming for d6+.} e5 {[#]} 19. dxe6 $146 {Black must now prevent e7+.The position is equal.} ({Predecessor:} 19. Qxa7 Bc4 20. Bd1 Rf7 21. Bg4 Bd3 22. Rd1 Bxe4 23. Be6 Bxd5 24. Bxf7+ Kxf7 25. Qe3 {½-½ (44) Vitiugov,N (2724)-Svidler,P (2714) Krasnaya Polyana 2021}) 19... Qxd4 $1 20. e7+ Qc4 $1 21. exf8=Q+ Kxf8 22. Bxc4 Bxc4 $11 {[%mdl 4096] Endgame KRB-KRB} 23. Rc1 Kf7 24. f3 Be6 25. Rxc8 Bxc8 {KB-KB} 26. a3 f5 27. Kf2 fxe4 28. fxe4 Bd7 29. Bd4 Bc6 30. Bxa7 Bxe4 31. g3 Bc6 32. Bb6 Bd5 33. Ba7 Bc6 34. Bb6 Bd5 35. Ba7 Bc6 {Weighted Error Value: White=0.04/Black=0.03} 1/2-1/2

[Event "74th RUS-ch Superfinal 2021"]
[Site "Ufa"]
[Date "2021.10.18"]
[Round "9.2"]
[White "Esipenko, Andrey"]
[Black "Alekseenko, Kirill"]
[Result "1/2-1/2"]
[WhiteElo "2720"]
[BlackElo "2710"]
[Annotator "TA"]
[PlyCount "51"]
[EventDate "2021.10.09"]
[EventType "tourn"]
[EventCountry "RUS"]
[SourceTitle "playchess.com"]
[Source "ChessBase"]
[SourceQuality "1"]

{[%evp 13,51,62,52,24,9,18,10,16,22,12,31,16,16,12,15,15,33,38,39,36,17,33,29,32,33,12,15,0,2,0,0,0,0,0,0,0,0,0,0,0]} 1. e4 e5 2. Nf3 Nc6 3. Bc4 Nf6 4. d3 Bc5 5. O-O O-O 6. c3 d5 7. exd5 Nxd5 8. a4 {C54: Giuoco Piano: 4 c3 Nf6, main lines with 5 d4 and 5 d3.} a5 9. Nbd2 Nb6 10. Bb5 Bd6 11. Ne4 Bg4 12. h3 Bh5 13. Re1 Na7 14. d4 exd4 15. Nxd6 ({Much worse is} 15. cxd4 Nxb5 16. axb5 Bb4 $15) 15... Qxd6 16. Qxd4 Nxb5 17. axb5 Qxd4 18. Nxd4 Bg6 19. f4 {[#] And now f5 would win.} f5 {The position is equal.} 20. Re5 {[#]} Rfe8 $146 ({Predecessor:} 20... a4 21. Rc5 Rac8 22. Be3 Nd7 23. Rd5 Nb6 24. Rc5 Nd7 25. Rd5 Nb6 26. Rc5 {½-½ (26) Ding,L (2791)-So,W (2770) chess24.com INT 2021}) 21. Rc5 Rac8 22. Kf2 Nd7 23. Rd5 Nb6 24. Rc5 Nd7 25. Rd5 Nb6 26. Rc5 {Weighted Error Value: White=0.05/Black=0.02} 1/2-1/2

[Event "74th RUS-ch Superfinal 2021"]
[Site "Ufa"]
[Date "2021.10.18"]
[Round "9.3"]
[White "Rakhmanov, Aleksandr"]
[Black "Motylev, Alexander"]
[Result "1/2-1/2"]
[WhiteElo "2657"]
[BlackElo "2624"]
[Annotator "TA"]
[PlyCount "70"]
[EventDate "2021.10.09"]
[EventType "tourn"]
[EventCountry "RUS"]
[SourceTitle "playchess.com"]
[Source "ChessBase"]
[SourceQuality "1"]

{[%evp 15,70,18,16,24,84,88,76,15,8,4,25,22,13,18,18,-3,-6,-5,-5,-5,-3,-5,0,0,0,0,0,0,0,0,0,0,0,0,0,0,0,0,0,0,16,0,0,0,0,0,0,0,0,0,0,0,0,0,0,0,0]} 1. c4 c6 2. d4 d5 3. Nf3 Nf6 4. cxd5 cxd5 5. Nc3 Nc6 6. Bf4 Bf5 7. e3 e6 8. Qb3 Bb4 9. Ne5 {seems to push 9.Bb5 aside. D14: Slav Defence: Exchange variation with ...Bf5.} O-O (9... Bxc3+ $11 10. bxc3 Nxe5 11. Bxe5 (11. dxe5 Nd7 $11) 11... O-O) 10. Nxc6 $16 Bxc3+ 11. bxc3 (11. Qxc3 $16 bxc6 12. Qa3) 11... bxc6 $11 12. Qa3 a5 13. Be2 Qb6 {The position is equal.} 14. O-O Rfc8 {[#]} 15. c4 $146 ({Predecessor:} 15. Qb3 Qxb3 16. axb3 Ne4 17. Rfc1 {½-½ (17) Potkin,V (2606)-Rublevsky,S (2697) Dagomys 2010}) 15... dxc4 16. Rfc1 Nd5 17. Bd6 c3 {Strongly threatening ...Qb2.} 18. Bf3 {Threatens to win with e4.} Bg6 19. Bxd5 cxd5 20. Bc5 Qb2 {[#] Hoping for ...Qxa3.} 21. Qxc3 Qxc3 (21... Qb5 {feels hotter.} 22. a4 Qd3 23. Qxd3 Bxd3 24. f3 f6) 22. Rxc3 a4 23. Rac1 Rab8 24. Bb4 Rxc3 25. Rxc3 {[%mdl 4096] Endgame KRB-KRB} Bd3 26. Rc7 a3 27. Bxa3 Bc4 {[#] ( -> ...Rb1+)} (27... h5 {seems wilder.} 28. h3 Bc4 29. Ra7 Rb1+ 30. Kh2 Bxa2 31. Kg3 Bc4) 28. h4 (28. g4 {keeps more tension.} h6 29. Bd6 Bxa2 30. Kg2 Rb6 31. Bc5) 28... h5 29. Bd6 (29. Kh2 {is more complex.} Ra8 30. Bd6 Rxa2 31. Kg3 Bd3 32. Rc8+) 29... Bxa2 30. Rc1 Rb1 (30... Rb6 {with more complications.} 31. Rc8+ Kh7 32. Ba3 Rb7 33. Ra8 Bc4) 31. Rxb1 Bxb1 32. Bc5 Bc2 33. Bd6 Bb1 34. Bc5 Bc2 35. Bd6 Bb1 {Weighted Error Value: White=0.05/Black=0.05} 1/2-1/2

[Event "74th RUS-ch Superfinal 2021"]
[Site "Ufa"]
[Date "2021.10.18"]
[Round "9.4"]
[White "Chigaev, Maksim"]
[Black "Ponkratov, Pavel"]
[Result "0-1"]
[WhiteElo "2639"]
[BlackElo "2659"]
[Annotator "TA"]
[PlyCount "56"]
[EventDate "2021.10.09"]
[EventType "tourn"]
[EventCountry "RUS"]
[SourceTitle "playchess.com"]
[Source "ChessBase"]
[SourceQuality "1"]

{[%evp 11,56,1,25,0,2,7,8,-4,-12,-23,30,-8,-5,-31,-34,-33,-33,-43,-54,-87,-92,-86,-87,-102,-104,-89,-91,-143,-126,-309,-2,-6,-6,-34,0,-229,-212,-179,-179,-468,-464,-501,-475,-809,-754,-807,-769]} 1. e4 e6 2. d4 d5 3. Nc3 Bb4 4. e5 c5 5. a3 Bxc3+ 6. bxc3 Nc6 (6... Qa5 7. Bd2 Qa4 8. Qg4 Kf8 9. Bd3 Nc6 10. Nf3 c4 11. Be2 Qxc2 12. O-O Nge7 13. Bd1 Qg6 14. Qh4 Bd7 15. Rc1 Nf5 16. Qf4 h5 {½-½ (67) Chigaev,M (2630)-Ponkratov,P (2627) Cheboksary 2021}) 7. Bd3 {C18: French: 3 Nc3 Bb4: Main line: 7 h4 and 7 Qg4.} Qa5 8. Bd2 c4 9. Qg4 {The position is equal.} Nge7 ({But not} 9... cxd3 $2 10. Qxg7 dxc2 11. Qxh8 $18) 10. Be2 {[#]} Rg8 $146 (10... O-O $142) ({Predecessor:} 10... O-O 11. Nf3 f5 12. Qg3 Bd7 13. h4 Nd8 14. h5 Ba4 15. Bd1 b5 16. Nh4 Qc7 {1-0 (24) Van Foreest,J (2519)-Navrotescu,C (2407) Vaujany 2015}) 11. h4 Bd7 12. h5 O-O-O 13. Nf3 f6 14. Qf4 g5 15. Qxf6 {And now g4 would win.} Rdf8 16. Qh6 {Threatening g4.} Nf5 $1 {[%cal Rf5h6]} 17. Qxh7 Rg7 18. Qxg7 Nxg7 19. Nxg5 ({Better is} 19. h6 Rh8 20. Nxg5) 19... Nf5 $36 {[%mdl 2048] Black has strong initiative.} 20. g4 $2 {[#]} (20. h6 $17 {is a better defense.} Nd8 21. h7) 20... Nfe7 $2 ({Black should play} 20... Nfxd4 $1 $19 21. cxd4 Qb6) 21. Nh7 $1 $11 {[%cal Rh7f8]} Rh8 22. Nf6 Qa4 23. Kd1 {[#]} (23. Bd1 $11) 23... b5 $1 $19 {[%cal Bb7b5,Bb5b4][%mdl 32]} 24. Kc1 b4 $1 25. Bd1 $2 (25. Rh3) 25... bxa3 {Black is clearly winning.} 26. h6 a2 {[%cal Ra4a3]} 27. Bg5 (27. Kb2 $142 Qb5+ 28. Kxa2) 27... Qa3+ {[%mdl 64] Double Attack} 28. Kd2 Qb2 {Weighted Error Value: White=0.69/Black=0.21} 0-1

[Event "74th RUS-ch Superfinal 2021"]
[Site "Ufa"]
[Date "2021.10.18"]
[Round "9.5"]
[White "Predke, Alexandr"]
[Black "Andreikin, Dmitry"]
[Result "1/2-1/2"]
[WhiteElo "2666"]
[BlackElo "2728"]
[Annotator "TA"]
[PlyCount "145"]
[EventDate "2021.10.09"]
[EventType "tourn"]
[EventCountry "RUS"]
[SourceTitle "playchess.com"]
[Source "ChessBase"]
[SourceQuality "1"]

{[%evp 13,145,6,0,-11,0,0,0,-9,30,24,23,23,27,28,43,27,52,13,30,3,6,0,0,0,27,25,22,20,47,25,20,0,29,32,32,25,45,45,49,47,47,19,47,47,44,41,47,42,42,27,35,34,55,42,83,68,56,56,81,0,56,0,78,56,56,56,77,79,78,62,62,69,72,62,64,82,76,72,156,92,81,82,91,83,89,90,144,0,0,0,0,0,0,0,0,0,0,0,0,0,0,0,0,0,0,0,0,-31,-37,-35,-27,-37,-28,-33,8,8,2,0,4,0,4,0,8,0,8,26,418,403,29992,0,0,0,29992,0]} 1. d4 Nf6 2. c4 e6 3. Nf3 d5 4. g3 Bb4+ 5. Bd2 Be7 6. Bg2 O-O 7. O-O Nbd7 8. b4 {E11: Bogo-Indian.} Ne4 9. Be1 c6 10. a4 {[#] The position is equal.} f5 $146 ({Predecessor:} 10... b6 11. Nfd2 Nd6 12. Na3 Bb7 13. Qb3 a5 14. bxa5 Rxa5 15. cxd5 cxd5 16. Ndb1 Ra6 {½-½ (30) Lysyj,I (2594)-Makhmutov,R (2416) Cheliabinsk 2020}) 11. Qb3 a6 12. Nc3 Bf6 13. a5 Kh8 14. Na4 Nd6 15. Nb2 (15. c5 $5 {[%cal Rc5d6]} Nb5 16. Bc3 $11) 15... g5 16. Bc3 Qe7 17. Ne5 Qg7 {[%cal Rd7e5]} 18. Nbd3 {[%cal Rc4d5]} Bxe5 (18... h5 {keeps more tension.} 19. cxd5 exd5 20. e3 Be7 21. Qc2 Qh6) 19. dxe5 Nxc4 20. Qc2 Rf7 (20... Ndxe5 $2 21. Nxe5 Nxe5 22. Qb2 $18) 21. Bd4 {[%mdl 1024] White has compensation.} Nd6 22. Bb2 (22. exd6 Qxd4 23. Rae1 Qf6 $15) 22... Nb5 23. f4 Nf8 24. Qd2 g4 25. Kf2 Bd7 26. Rh1 Be8 27. Nc5 Qg8 28. h3 gxh3 29. Rxh3 Rg7 30. Rah1 Rc8 31. Bf3 Rcc7 32. e3 Rce7 33. Qc1 Rg6 34. Bh5 Rgg7 {With the idea ...Bxh5.} 35. Be2 Rg6 36. Bh5 Rgg7 {White should prevent ...Bxh5.} 37. Be2 Rg6 $1 38. Qg1 Rgg7 39. R1h2 Rg6 40. Rg2 $36 {[%mdl 2048] White is really pushing.} Rgg7 41. g4 fxg4 42. Bxg4 Bg6 43. Rhg3 Qf7 44. Qd1 Bf5 45. Bh5 Qg8 (45... Ng6 $142) 46. Rxg7 (46. Qh1 $142 $1) 46... Rxg7 $16 47. Rxg7 Qxg7 48. Qg1 $1 Bg6 49. Be2 Qh6 {[#]} (49... h6 $142) 50. Qg5 ({Much less strong is} 50. Nxb7 $6 d4 $14) ({White should play} 50. Bf3 $1 $16) 50... Qh2+ $11 51. Qg2 Qh4+ 52. Qg3 Qh1 53. Qg1 Qh4+ 54. Qg3 Qh1 55. Bf1 Bf5 56. Qg5 h6 57. Qd8 Kg7 {And now ...Qh2+ would win.} 58. Nxe6+ Bxe6 ({Avoid the trap} 58... Nxe6 $2 59. Qf6+ Kg8 60. Qxf5 $18) 59. f5 $1 {[%cal Rf5e6][%mdl 64] Decoy} Bxf5 60. Qf6+ (60. e6+ $5 Kg8 61. e7 {[%mdl 64] Pin} Qh4+ {[%mdl 64] Double Attack} 62. Kg1 Qg4+ 63. Bg2 Qd1+ 64. Bf1 Qg4+ {[%mdl 64] Double Attack} 65. Bg2 Qd1+ 66. Bf1 Qg4+ $11 {[%mdl 64] Double Attack}) 60... Kg8 61. Qxf5 Qh2+ 62. Bg2 {Black must now prevent Qg4+.} Qh4+ {[%mdl 64] Double Attack} 63. Kf1 $1 Qxb4 {[#]} 64. e6 $1 {[%csl Ge6][%cal Rf5f7]} Qe7 ({Not} 64... Qxb2 $2 65. Qf7+ Kh8 66. e7 $18) 65. Qg4+ Kh7 66. Qf5+ Kg8 67. Qg4+ Kh7 68. Qf5+ Kg8 69. Bh3 {Be5 is the strong threat.} Nc7 $2 {[%mdl 8192]} (69... Nd6 $1 $11 {and Black is okay.} 70. Qg4+ Kh7) 70. Qg4+ $18 Kh7 (70... Qg5 $18) 71. Qf5+ Kg8 $1 {[%cal Re7e6]} 72. Qg4+ Kh7 $1 {[%cal Rc7e6]} 73. Qf5+ $2 {Weighted Error Value: White=0.13/Black=0.08} (73. Qg3 {mates} h5 74. Bf5+ Kh6 75. Qf4+ Qg5 {[#]} 76. Bg7+ $1 {[%mdl 576] Deflection, Back Rank} Kxg7 77. Qxg5+ Kh8 78. Qf6+ {[%mdl 64] Double Attack} Kg8 79. Qf7+ {[%mdl 64] Double Attack} Kh8 80. Qxf8#) 1/2-1/2